Phương pháp giải các bài toán :Dao động cơ học và sóng cơ học, điện xoay chiều, quang hình học

שמור ב:
מידע ביבליוגרפי
מחבר ראשי: Phạm Hùng Quyết
פורמט: ספר
שפה:Vietnamese
יצא לאור: Khoa học Kỹ Thuật 1998
נושאים:
תגים: הוספת תג
אין תגיות, היה/י הראשונ/ה לתייג את הרשומה!
Thư viện lưu trữ: Mạng thư viện Đại học Đà Nẵng
LEADER 01073nam a2200313 a 4500
001 000002514
003 00883
005 20171229145311.0
008 171229s1998 vie
040 |a LSK 
041 0 |a VIE 
082 0 |a 530.1  |b PH-Q 
100 1 |a Phạm Hùng Quyết 
245 0 0 |a Phương pháp giải các bài toán :Dao động cơ học và sóng cơ học, điện xoay chiều, quang hình học 
260 |b Khoa học Kỹ Thuật  |c 1998 
300 |a 416 pages  |c 20,5 cm. 
653 |a Vật lý học - Bài tập 
852 |a Phòng Đọc - Phòng Mượn 
901 |a 17 
927 |a Sách tham khảo 
OWN |a LSK 
AVA |a UDN50  |b LSK  |d 530.1 PH-Q  |e check_holdings  |t Error 5003 Not defined in file expand_doc_bib_avail.  |h N  |k 1 
999 |a From the UDN01 
AVA |a UDN50  |b LSK  |d 530.1 PH-Q  |e available  |t Error 5001 Not defined in file expand_doc_bib_avail.  |f 17  |g 0  |h N  |i 0  |k 1 
TYP |a Monograph 
TYP |a Printed language 
980 |a Mạng thư viện Đại học Đà Nẵng